[Event "FIN-ch"]
[Site "Helsinki"]
[Date "2024.04.01"]
[Round "4"]
[White "Maki Uuro, Miika"]
[Black "Luukkonen, Tommi"]
[Result "1-0"]
[WhiteElo "2280"]
[BlackElo "2255"]
[PlyCount "85"]
[EventDate "2024.03.29"]
[EventType "tourn"]
[EventRounds "9"]
[EventCountry "FIN"]
[EventCategory "3"]
[SourceTitle "CB15_2024"]
[SourceDate "2024.04.10"]
[SourceVersion "1"]
[SourceVersionDate "2024.04.10"]
[SourceQuality "1"]

1. d4 Nf6 2. c4 g6 3. Nc3 Bg7 4. e4 d6 5. Nf3 0-0 6. Be2 e5 7. Be3 c6 8. d5 Ng4 9. Bg5 f6 10. Bc1 f5 11. exf5 gxf5 12. Bg5 Qb6 13. 0-0 c5 14. Nh4 h6 15. Bd2 Nf6 16. Qc2 Nh7 17. Bd3 e4 18. Be2 Na6 19. a3 Qd8 20. Ng6 Re8 21. Qc1 Ng5 22. Nf4 Nc7 23. Kh1 Be5 24. Rg1 Qf6 25. Rb1 Bd7 26. Nh5 Qg6 27. Nf4 Qf6 28. Nh5 Qg6 29. f4 exf3 30. gxf3 Bxh2 31. Rg2 Qxh5 32. Rxh2 Nh3 33. Qf1 f4 34. Ne4 Rxe4 35. fxe4 Qh4 36. Be1 Qe7 37. Rxh3 Qxe4+ 38. Bf3 Qxb1 39. Rxh6 Qxb2 40. Qg1+ Kf8 41. Qg5 Ne8 42. Qxf4+ Kg8 43. Bh5 1-0

[Event "Titled Tuesday intern op 27th Feb Late"]
[Site "Chess.com INT"]
[Date "2024.02.27"]
[Round "7"]
[White "Luukkonen, Tommi"]
[Black "Donda, Jazmin"]
[Result "1-0"]
[WhiteElo "2242"]
[BlackElo "1706"]
[PlyCount "67"]
[EventDate "2024.02.27"]
[EventType "swiss (blitz)"]
[EventRounds "11"]
[EventCountry "USA"]
[SourceTitle "CB10_2024"]
[SourceDate "2024.03.06"]
[SourceVersion "1"]
[SourceVersionDate "2024.03.06"]
[SourceQuality "1"]

1. d4 d5 2. c4 c6 3. e3 Nf6 4. Nf3 Bf5 5. Nc3 e6 6. Nh4 Bg6 7. Be2 Bb4 8. 0-0 0-0 9. g3 Nbd7 10. Qb3 Bxc3 11. bxc3 Qc7 12. Nxg6 hxg6 13. Rb1 Rab8 14. cxd5 cxd5 15. c4 dxc4 16. Bxc4 Rfc8 17. Be2 Nd5 18. Bf3 Nc5 19. dxc5 Qxc5 20. Ba3 Qa5 21. Bd6 Ra8 22. Rfc1 Rxc1+ 23. Rxc1 b6 24. e4 Nf6 25. e5 Nd5 26. a4 Qd2 27. Rc2 Qe1+ 28. Kg2 Rd8 29. Bxd5 exd5 30. Qxd5 Qb1 31. Rc7 Qf5 32. Rxa7 Rxd6 33. Qa8+ Kh7 34. exd6 1-0

[Event "Titled Tuesday intern op 09th Jan Early"]
[Site "Chess.com INT"]
[Date "2024.01.09"]
[Round "1"]
[White "Goryachkina, Aleksandra"]
[Black "Luukkonen, Tommi"]
[Result "1-0"]
[WhiteElo "2553"]
[BlackElo "2323"]
[PlyCount "63"]
[EventDate "2024.01.09"]
[EventType "swiss (blitz)"]
[EventRounds "11"]
[EventCountry "USA"]
[SourceTitle "CB03_2024"]
[SourceDate "2024.01.17"]
[SourceVersion "1"]
[SourceVersionDate "2024.01.17"]
[SourceQuality "1"]

1. e4 c5 2. Nf3 d6 3. d4 cxd4 4. Nxd4 Nf6 5. Nc3 a6 6. f4 e5 7. Nf3 Nbd7 8. Bd3 b5 9. 0-0 Bb7 10. a3 Be7 11. Kh1 0-0 12. Qe1 Qc7 13. f5 Rfe8 14. Bd2 d5 15. Bg5 d4 16. Nd1 Nc5 17. Nf2 Nfd7 18. Bxe7 Rxe7 19. Qd2 Rc8 20. Rac1 Na4 21. b3 Nc3 22. Rce1 Qd6 23. g4 Qxa3 24. g5 Qd6 25. f6 gxf6 26. Ng4 f5 27. Nh6+ Kf8 28. Nxf5 Qe6 29. g6 Qxg6 30. Rg1 Qh5 31. Qg2 Nf6 32. Qg7+ 1-0

[Event "Titled Tuesday intern op 09th Jan Early"]
[Site "Chess.com INT"]
[Date "2024.01.09"]
[Round "10"]
[White "Ladan, Nicholas John"]
[Black "Luukkonen, Tommi"]
[Result "0-1"]
[WhiteElo "2168"]
[BlackElo "2323"]
[PlyCount "112"]
[EventDate "2024.01.09"]
[EventType "swiss (blitz)"]
[EventRounds "11"]
[EventCountry "USA"]
[SourceTitle "CB03_2024"]
[SourceDate "2024.01.17"]
[SourceVersion "1"]
[SourceVersionDate "2024.01.17"]
[SourceQuality "1"]

1. Nf3 d5 2. g3 Nd7 3. d4 Nb6 4. Bg2 Bf5 5. 0-0 e6 6. b3 c6 7. Bb2 Be7 8. Nbd2 h6 9. c4 Nf6 10. Ne5 0-0 11. Re1 a5 12. e4 dxe4 13. Nxe4 Nxe4 14. Bxe4 Bxe4 15. Rxe4 a4 16. Rb1 axb3 17. axb3 Ra2 18. Qh5 Nd7 19. Nxd7 Qxd7 20. Rg4 Bf6 21. Qxh6 Qe7 22. h4 Rd8 23. Qf4 c5 24. h5 Rxb2 25. Rxb2 Rxd4 26. Qb8+ Rd8 27. Qxd8+ Qxd8 28. Rb1 Qd3 29. Re1 Kh7 30. Kg2 Qxb3 31. h6 gxh6 32. Rf4 Kg7 33. Re3 Qb2 34. Ref3 b6 35. Kg1 Qb1+ 36. Kg2 Qg6 37. Kh3 Bd4 38. g4 f6 39. Kh4 Be5 40. Rf5 exf5 41. Rxf5 h5 42. Rxh5 Qe4 43. f3 Qxf3 44. g5 Qh1+ 45. Kg4 f5+ 46. Kxf5 Qxh5 47. Ke6 Qxg5 48. Kd5 Qf4 49. Kc6 Qxc4 50. Kd7 b5 51. Ke7 b4 52. Ke8 b3 53. Ke7 b2 54. Kd7 b1Q 55. Kc8 Qe6+ 56. Kd8 Qb8# 0-1

[Event "Titled Tuesday intern op 12th Dec Early"]
[Site "Chess.com INT"]
[Date "2023.12.12"]
[Round "9"]
[White "Luukkonen, Tommi"]
[Black "Filipovic, Slobodan J"]
[Result "0-1"]
[WhiteElo "2323"]
[BlackElo "2189"]
[PlyCount "72"]
[EventDate "2023.12.12"]
[EventType "swiss (blitz)"]
[EventRounds "11"]
[EventCountry "USA"]
[SourceTitle "CB51_2023"]
[SourceDate "2023.12.20"]
[SourceVersion "1"]
[SourceVersionDate "2023.12.20"]
[SourceQuality "1"]

1. e4 c5 2. Nf3 Nc6 3. d4 cxd4 4. Nxd4 e5 5. Nb5 d6 6. c4 a6 7. N5c3 Be6 8. Be2 Rc8 9. Be3 g6 10. Nd5 Bg7 11. Nbc3 Bxd5 12. Nxd5 Nd4 13. 0-0 Nf6 14. Bxd4 exd4 15. Qxd4 0-0 16. Qd3 Nxd5 17. cxd5 Bxb2 18. Rab1 Qf6 19. Qb3 Bd4 20. Qxb7 a5 21. a4 Rc2 22. Qb5 Rfc8 23. Bf3 R8c5 24. Qe8+ Kg7 25. Rb8 Kh6 26. Qf8+ Qg7 27. Qxd6 Rxf2 28. Qf4+ g5 29. Rb6+ f6 30. Rxf6+ Bxf6 31. Qg4 Rxf1+ 32. Kxf1 Rc1+ 33. Ke2 Qg6 34. Qh3+ Kg7 35. Qd7+ Qf7 36. Qd6 Qc7 0-1

[Event "Titled Tuesday intern op 12th Dec Early"]
[Site "Chess.com INT"]
[Date "2023.12.12"]
[Round "11"]
[White "Luukkonen, Tommi"]
[Black "Kopczynski, Michal"]
[Result "0-1"]
[WhiteElo "2323"]
[BlackElo "2225"]
[PlyCount "80"]
[EventDate "2023.12.12"]
[EventType "swiss (blitz)"]
[EventRounds "11"]
[EventCountry "USA"]
[SourceTitle "CB51_2023"]
[SourceDate "2023.12.20"]
[SourceVersion "1"]
[SourceVersionDate "2023.12.20"]
[SourceQuality "1"]

1. e4 b6 2. d4 Bb7 3. Nc3 e6 4. a3 Nf6 5. Bd3 d5 6. e5 Nfd7 7. Nce2 c5 8. c3 Nc6 9. Nf3 Qc7 10. 0-0 0-0-0 11. b4 c4 12. Bc2 h6 13. a4 f5 14. exf6 gxf6 15. Nf4 Re8 16. Re1 Nd8 17. a5 b5 18. a6 Bc6 19. Ng6 Rg8 20. Bf4 Bd6 21. Qd2 Nf7 22. Bxd6 Qxd6 23. Nf4 e5 24. Nh5 e4 25. Nh4 Ng5 26. Ng3 Nf8 27. Nhf5 Qe6 28. f3 Qxf5 29. fxe4 Qd7 30. Qf4 Ng6 31. Qf2 dxe4 32. d5 Bxd5 33. Rad1 Ne5 34. Rxd5 Qxd5 35. Qxa7 Nd3 36. Rf1 Rgf8 37. Qb6 Re6 38. Qa5 Rf7 39. a7 Qa8 40. Nf5 Qxa7+ 0-1

[Event "Titled Tuesday intern op 12th Dec Early"]
[Site "Chess.com INT"]
[Date "2023.12.12"]
[Round "5"]
[White "Luukkonen, Tommi"]
[Black "Yushko, Olga"]
[Result "1-0"]
[WhiteElo "2323"]
[BlackElo "2064"]
[PlyCount "41"]
[EventDate "2023.12.12"]
[EventType "swiss (blitz)"]
[EventRounds "11"]
[EventCountry "USA"]
[SourceTitle "CB51_2023"]
[SourceDate "2023.12.20"]
[SourceVersion "1"]
[SourceVersionDate "2023.12.20"]
[SourceQuality "1"]

1. e4 e6 2. d4 d5 3. Nc3 Nf6 4. e5 Nfd7 5. Nce2 c5 6. c3 Nc6 7. Nf3 Qb6 8. a3 cxd4 9. cxd4 Be7 10. h4 0-0 11. Nf4 Na5 12. Rb1 f6 13. Bd3 fxe5 14. dxe5 Nc5 15. Bxh7+ Kxh7 16. Ng5+ Kg8 17. Qh5 Bxg5 18. hxg5 Rxf4 19. Qh8+ Kf7 20. g6+ Ke7 21. Qxg7+ 1-0

[Event "Titled Tuesday intern op 25th Jul Early"]
[Site "Chess.com INT"]
[Date "2023.07.25"]
[Round "6"]
[White "Player, Edmund C"]
[Black "Luukkonen, Tommi"]
[Result "0-1"]
[WhiteElo "2180"]
[BlackElo "2279"]
[PlyCount "54"]
[EventDate "2023.07.25"]
[EventType "swiss (blitz)"]
[EventRounds "11"]
[EventCountry "USA"]
[SourceTitle "EXT 2024"]
[Source "ChessBase"]
[SourceDate "2023.10.10"]
[SourceVersion "1"]
[SourceVersionDate "2023.10.10"]
[SourceQuality "1"]

1. e4 c5 2. Nf3 Nc6 3. Bb5 e6 4. Bxc6 bxc6 5. d3 Ne7 6. Qe2 Ng6 7. h4 h5 8. e5 d6 9. Bg5 f6 10. Qe4 Kf7 11. exf6 gxf6 12. Bd2 d5 13. Qe2 Rb8 14. b3 d4 15. Na3 e5 16. Nc4 Bg4 17. Qe4 Qc7 18. Ba5 Qe7 19. Qxc6 Rc8 20. Qe4 Kg7 21. Nh2 f5 22. Qd5 Nf4 23. Qxe5+ Qxe5+ 24. Nxe5 Re8 25. Bc7 Nd5 26. 0-0 Nxc7 27. Nc4 f4 0-1

[Event "Titled Tuesday intern op 25th Jul Early"]
[Site "Chess.com INT"]
[Date "2023.07.25"]
[Round "8"]
[White "Suyarov, Mukhammadzokhid"]
[Black "Luukkonen, Tommi"]
[Result "1-0"]
[WhiteElo "2366"]
[BlackElo "2279"]
[PlyCount "57"]
[EventDate "2023.07.25"]
[EventType "swiss (blitz)"]
[EventRounds "11"]
[EventCountry "USA"]
[SourceTitle "EXT 2024"]
[Source "ChessBase"]
[SourceDate "2023.10.10"]
[SourceVersion "1"]
[SourceVersionDate "2023.10.10"]
[SourceQuality "1"]

1. d4 Nf6 2. Nc3 d5 3. Bf4 g6 4. Qd2 Bg7 5. Bh6 Bxh6 6. Qxh6 c5 7. e3 cxd4 8. exd4 Nc6 9. 0-0-0 Bf5 10. Nf3 Ng4 11. Qg7 Rf8 12. Rd2 Qd6 13. Bb5 0-0-0 14. Bxc6 bxc6 15. Re1 Nf6 16. Ng5 Qxh2 17. Rxe7 Qd6 18. Rxf7 Nh5 19. Qxh7 Rxf7 20. Nxf7 Qe7 21. Re2 Qc7 22. g4 Bxg4 23. Qxg6 Bxe2 24. Nxd8 Qf4+ 25. Kb1 Qd2 26. Qxc6+ Kxd8 27. Qxd5+ Kc8 28. Qe6+ Kd8 29. Qxe2 1-0